000 00630nam a22001817a 4500
005 20251108164334.0
008 250721s1986 xx 000 0 ara d
082 1 4 _a394.30962/يحي
100 1 _aحقي، يحيى
245 1 0 _aيا ليل يا عين :
_bسهراية مع الفنون الشعبية : مع مقالات السيرك و المولد /
264 1 _aالقاهرة :
_bالهيئة المصرية العامة للكتاب،
_c1986.
300 _a128ص
490 0 _aالكتابات النقدية ؛ 5
650 1 7 _aالفنون الشعبية
650 1 7 _aمصر
942 _2ddc
_cREF
999 _c9732
_d9732